Statistics for Countries with the Most Subway Restaurants

Click here to take the quiz!

General Stats

  • This quiz has been taken 965 times
    (928 since last reset)
  • The average score is 14 of 17

Answer Stats

# of restaurantsAnswer% Correct
21,592United States
100%
2917Canada
98%
2199United Kingdom
97%
491China
96%
383France
96%
649Germany
95%
766Mexico
95%
1206Australia
92%
1649Brazil
91%
445Russia
90%
561India
85%
245New Zealand
78%
447South Korea
75%
198Netherlands
67%
248Colombia
61%
197Saudi Arabia
48%
233Malaysia
44%

Score Distribution

Percentile by Number Answered

Percent of People with Each Score

Your Score History

You have not taken this quiz since the last reset